[Event "EICC 2021"]
[Site "Reykjavik"]
[Date "2021.09.05"]
[Round "11.12"]
[White "Gabuzyan, Hovhannes"]
[Black "Donchenko, Alexander"]
[Result "1/2-1/2"]
[WhiteElo "2587"]
[BlackElo "2657"]
[Annotator "TA"]
[PlyCount "82"]
[EventDate "2021.08.26"]
[EventType "swiss"]
[EventCountry "ISL"]
[Tiebreak "Cut1 Buchholz"]
[SourceTitle "playchess.com"]
[Source "ChessBase"]
[SourceQuality "1"]

{[%evp 17,82,-5,-1,-10,-6,-27,18,5,13,14,27,-14,-9,-52,-8,-7,-6,-18,-8,-20,-11,
-12,0,-25,0,0,0,-20,-11,-12,-25,-16,-26,-92,-79,-87,-47,-50,-41,-86,-83,-81,
-76,-89,-115,-121,-108,-104,-117,-127,-122,-135,-123,-206,-206,-207,-207,-220,
0,0,0,0,0,0,0,0,0]} 1. e4 c5 2. Nf3 e6 3. d4 cxd4 4. Nxd4 Nc6 5. Nc3 Qc7 6. Be2
Nf6 7. O-O a6 8. Nxc6 bxc6 9. f4 d5 10. Bd3 {B47: Sicilian: Taimanov: 5 Nc3
Qc7 6 f4, 6 g3 and 6 Be2.} Be7 11. Kh1 c5 12. e5 Nd7 {[#]} 13. f5 $146 {
Black must now prevent fxe6.} ({Predecessor:} 13. b3 O-O 14. Qh5 f5 15. Qe2 c4
16. Nxd5 exd5 17. bxc4 Bb7 18. Bb2 Nb6 19. cxd5 Bxd5 20. h3 Bc5 21. Rfd1 Qc6
22. Rac1 Qh6 23. Bxf5 Rxf5 {0-1 (23) Orujov,S (2260)-Ameir,M (2431) Baku 2016})
13... Nxe5 14. fxe6 Bxe6 15. Bf5 (15. Bf4 {seems wilder.} Bf6 16. Qe2 c4 17.
Bf5 O-O 18. Bg3) 15... Qd7 16. Bxe6 fxe6 17. Qh5+ Ng6 18. Bg5 Bxg5 19. Qxg5 Rf8
20. b3 Qe7 (20... Qd6 {feels hotter.} 21. Na4 Ra7 22. Rxf8+ Nxf8 23. c4 h6) 21.
Qe3 Rf6 22. Rae1 d4 23. Qe4 Rc8 $40 {[%mdl 128] White needs to defend
precisely.} 24. Na4 Kf7 25. c3 (25. Nb6 $11 Rb8 26. Nc4) 25... Qd6 $1 $17 26.
Nb2 Rxf1+ (26... Qd5 {keeps more tension.} 27. Qg4 dxc3 28. Na4 Ne5 29. Qh5+
Kg8) 27. Rxf1+ Kg8 $1 28. Nc4 ({Don't blunder} 28. Qb7 $2 Rf8 $19) 28... Qc6
29. Qxc6 Rxc6 {[%mdl 4096] Endgame KRN-KRN} 30. g3 e5 $1 31. Re1 Re6 $1 ({
Resist} 31... dxc3 32. Rc1 $11) 32. Nd2 Kf7 33. Ne4 Rc6 $1 34. Rc1 Ne7 35. Rf1+
(35. Kg2 $17 {keeps fighting.}) 35... Ke6 $19 36. c4 {[#]} h6 $1 37. Rf8 {[#]}
Ng6 $2 ({Black should try} 37... Nc8 $1 $19 {Threatens to win with ...Nd6.} 38.
Nf2 Nd6) 38. Rd8 $1 $11 {The position is equal.} Kf5 39. Nd6+ Ke6 40. Ne4 Kf5
41. Nd6+ Ke6 {Weighted Error Value: White=0.17/Black=0.10} 1/2-1/2

[Event "EICC 2021"]
[Site "Reykjavik"]
[Date "2021.09.05"]
[Round "11.13"]
[White "Thybo, Jesper Sondergaard"]
[Black "Martirosyan, Haik M."]
[Result "1/2-1/2"]
[WhiteElo "2587"]
[BlackElo "2632"]
[Annotator "ChessBase"]
[PlyCount "90"]
[EventDate "2021.08.26"]
[EventType "swiss"]
[EventCountry "ISL"]
[Tiebreak "Cut1 Buchholz"]
[SourceTitle "playchess.com"]
[Source "ChessBase"]
[SourceQuality "1"]
[TimeControl "40/5400+30:1800+30"]

1. d4 {[%emt 0:00:04]} Nf6 {[%emt 0:00:11]} 2. c4 {[%emt 0:00:12]} e6 {[%emt 0:
00:06]} 3. Nf3 {[%emt 0:00:08]} b6 {[%emt 0:00:18]} 4. g3 {[%emt 0:00:16]} Ba6
{[%emt 0:00:08]} 5. Qc2 {[%emt 0:00:21]} c5 {[%emt 0:00:32]} 6. d5 {[%emt 0:00:
28]} exd5 {[%emt 0:00:27]} 7. cxd5 {[%emt 0:00:10]} Bb7 {[%emt 0:00:30]} 8. Bg2
{[%emt 0:00:20]} Nxd5 {[%emt 0:00:42]} 9. O-O {[%emt 0:00:23]} Be7 {[%emt 0:00:
40]} 10. Rd1 {[%emt 0:00:40]} Nc6 {[%emt 0:00:31]} 11. Qa4 {[%emt 0:01:03]} Nf6
{[%emt 0:01:52]} 12. Nh4 {[%emt 0:01:31]} g6 {[%emt 0:00:58]} 13. Bh6 {[%emt 0:
03:34]} Bf8 {[%emt 0:00:31]} 14. Bg5 {[%emt 0:01:05]} Be7 {[%emt 0:01:10]} 15.
Bh6 {[%emt 0:01:24]} Bf8 {[%emt 0:00:09]} 16. Bg5 {[%emt 0:00:13]} Be7 {
[%emt 0:07:06]} 17. Nc3 {[%emt 0:01:11]} O-O {[%emt 0:00:53]} 18. Rd2 {[%emt 0:
00:39]} a6 {[%emt 0:10:15]} 19. Nf3 {[%emt 0:16:48]} b5 {[%emt 0:17:46]} 20.
Qf4 {[%emt 0:12:21]} Na5 {[%emt 0:16:53]} 21. Rad1 {[%emt 0:10:30]} Bc6 {
[%emt 0:04:52]} 22. Ne5 {[%emt 0:07:00]} Bxg2 {[%emt 0:01:05]} 23. Bxf6 {
[%emt 0:03:59]} Bxf6 {[%emt 0:00:34]} 24. Rxd7 {[%emt 0:05:38]} Bxe5 {[%emt 0:
05:50]} 25. Qxe5 {[%emt 0:00:11]} Nc4 {[%emt 0:08:14]} 26. Rxd8 {[%emt 0:05:10]
} Nxe5 {[%emt 0:00:03]} 27. Rxf8+ {[%emt 0:00:09]} Kxf8 {[%emt 0:00:04]} 28.
Kxg2 {[%emt 0:00:05]} Rc8 {[%emt 0:06:30]} 29. Rd5 {[%emt 0:00:50]} Nc4 {
[%emt 0:00:28]} 30. b3 {[%emt 0:09:02]} Na3 {[%emt 0:03:03]} 31. Rd6 {[%emt 0:
02:28]} a5 {[%emt 0:03:20]} 32. Ra6 {[%emt 0:04:34]} c4 {[%emt 0:03:05]} 33.
bxc4 {[%emt 0:03:19]} Rxc4 {[%emt 0:01:52]} 34. Nd5 {[%emt 0:00:32]} a4 {
[%emt 0:00:15]} 35. Nf6 {[%emt 0:00:52]} Rc2 {[%emt 0:02:40]} 36. e4 {[%emt 0:
03:52]} Nc4 {[%emt 0:02:02]} 37. a3 {[%emt 0:01:12]} h5 {[%emt 0:01:15]} 38.
Ra7 {[%emt 0:00:40]} Ne3+ {[%emt 0:01:32]} 39. Kf3 {[%emt 0:01:13]} Ng4 {
[%emt 0:01:06]} 40. Nxg4 {[%emt 0:03:00]} hxg4+ {[%emt 0:00:02]} 41. Kxg4 {
[%emt 0:30:53]} Rxf2 {[%emt 0:30:12]} 42. h4 {[%emt 0:01:04]} Re2 {[%emt 0:00:
00]} 43. Kf4 {[%emt 0:00:00]} Rf2+ {[%emt 0:00:00]} 44. Kg4 {[%emt 0:00:00]}
Re2 {[%emt 0:00:00]} 45. Kf4 {[%emt 0:00:00]} Rf2+ {[%emt 0:00:00]} 1/2-1/2

[Event "EICC 2021"]
[Site "Reykjavik"]
[Date "2021.09.05"]
[Round "11.14"]
[White "Quparadze, Giga"]
[Black "Lagarde, Maxime"]
[Result "1/2-1/2"]
[WhiteElo "2476"]
[BlackElo "2631"]
[Annotator "RC"]
[PlyCount "132"]
[EventDate "2021.08.26"]
[EventType "swiss"]
[EventCountry "ISL"]
[Tiebreak "Cut1 Buchholz"]
[SourceTitle "playchess.com"]
[Source "ChessBase"]
[SourceQuality "1"]
[TimeControl "40/5400+30:1800+30"]

1. e4 {[%emt 0:00:02]} c5 {[%emt 0:00:03]} 2. Nf3 {[%emt 0:00:04]} Nc6 {
[%emt 0:00:02]} 3. Bb5 {[%emt 0:00:06]} g6 {[%emt 0:00:03]} 4. O-O {[%emt 0:00:
06]} Bg7 {[%emt 0:00:07]} 5. c3 {[%emt 0:00:03]} Nf6 {[%emt 0:00:17]} 6. Re1 {
[%emt 0:00:05]} O-O {[%emt 0:00:04]} 7. d4 {[%emt 0:00:04]} a6 {[%emt 0:00:05]}
8. Bxc6 {[%emt 0:00:08]} dxc6 {[%emt 0:00:04]} 9. h3 {[%emt 0:00:05]} Nd7 {
[%emt 0:12:55]} 10. Be3 {[%emt 0:00:24]} cxd4 {[%emt 0:12:32]} 11. cxd4 {
[%emt 0:00:11]} h6 {[%emt 0:00:07]} 12. Nc3 {[%emt 0:00:13]} b5 {[%emt 0:02:23]
} 13. Rc1 {[%emt 0:00:19]} Bb7 {[%emt 0:00:56]} 14. e5 {[%emt 0:01:34]} c5 {
[%emt 0:13:37]} 15. dxc5 {[%emt 0:00:31]} Bxf3 {[%emt 0:08:58]} 16. Qxf3 {
[%emt 0:00:08]} Nxe5 {[%emt 0:00:02]} 17. Qe2 {[%emt 0:00:51]} Qd3 {[%emt 0:03:
44]} 18. Rcd1 {[%emt 0:00:05]} Qxe2 {[%emt 0:00:19]} 19. Rxe2 {[%emt 0:00:03]}
Rfd8 {[%emt 0:01:33]} 20. Rxd8+ {[%emt 0:00:09]} Rxd8 {[%emt 0:00:06]} 21. Bxh6
{[%emt 0:00:06]} Bxh6 {[%emt 0:02:00]} 22. Rxe5 {[%emt 0:02:31]} e6 {[%emt 0:
00:02]} 23. Re1 {[%emt 0:00:35]} Rc8 {[%emt 0:13:18]} 24. Ne4 {[%emt 0:00:13]}
f5 {[%emt 0:00:19]} 25. Ng3 {[%emt 0:04:01]} Kf7 {[%emt 0:00:53]} 26. b4 {
[%emt 0:00:04]} Rd8 {[%emt 0:01:32]} 27. Nf1 {[%emt 0:00:03]} Rd4 {[%emt 0:02:
19]} 28. Rb1 {[%emt 0:00:05]} Ke7 {[%emt 0:04:01]} 29. Rb3 {[%emt 0:00:06]} Bc1
{[%emt 0:04:04]} 30. g3 {[%emt 0:01:16]} e5 {[%emt 0:02:23]} 31. Ne3 {[%emt 0:
03:02]} e4 {[%emt 0:02:22]} 32. h4 {[%emt 0:00:38]} Kd7 {[%emt 0:07:41]} 33.
Kg2 {[%emt 0:04:00]} Kc6 {[%emt 0:04:47]} 34. h5 {[%emt 0:06:12]} Bxe3 {
[%emt 0:00:09]} 35. fxe3 {[%emt 0:00:03]} Rd2+ {[%emt 0:00:04]} 36. Kh3 {
[%emt 0:00:05]} gxh5 {[%emt 0:00:24]} 37. Ra3 {[%emt 0:00:03]} Kb7 {[%emt 0:00:
52]} 38. Kh4 {[%emt 0:00:05]} Rd3 {[%emt 0:01:59]} 39. Rb3 {[%emt 0:00:12]} Rd2
{[%emt 0:00:37]} 40. Kxh5 {[%emt 0:00:06]} Rxa2 {[%emt 0:00:25]} 41. Kg5 {
[%emt 0:30:07]} Rd2 {[%emt 0:03:27]} 42. Kxf5 {[%emt 0:00:00]} Rd3 {[%emt 0:00:
03]} 43. Rb1 {[%emt 0:00:00]} Rxe3 {[%emt 0:00:03]} 44. g4 {[%emt 0:00:00]} Re2
{[%emt 0:02:25]} 45. Rg1 {[%emt 0:00:00]} e3 {[%emt 0:01:56]} 46. Ke4 {[%emt 0:
00:00]} Rb2 {[%emt 0:05:18]} 47. g5 {[%emt 0:00:00]} e2 {[%emt 0:05:46]} 48. g6
{[%emt 0:00:00]} Rxb4+ {[%emt 0:00:43]} 49. Kf3 {[%emt 0:00:00]} Rd4 {[%emt 0:
01:35]} 50. Kxe2 {[%emt 0:00:00]} Rd8 {[%emt 0:00:22]} 51. g7 {[%emt 0:00:00]}
Rg8 {[%emt 0:00:03]} 52. Kd3 {[%emt 0:00:00]} Kc6 {[%emt 0:00:17]} 53. Kd4 {
[%emt 0:00:00]} Rd8+ {[%emt 0:00:22]} 54. Kc3 {[%emt 0:00:00]} Rg8 {[%emt 0:00:
02]} 55. Rg5 {[%emt 0:00:00]} a5 {[%emt 0:00:13]} 56. Kb3 {[%emt 0:00:00]} Kb7
{[%emt 0:01:12]} 57. Rg6 {[%emt 0:00:00]} Ka7 {[%emt 0:00:06]} 58. Kc3 {
[%emt 0:00:00]} Kb7 {[%emt 0:00:06]} 59. Kd4 {[%emt 0:00:00]} a4 {[%emt 0:00:
50]} 60. Kc3 {[%emt 0:00:00]} a3 {[%emt 0:00:04]} 61. Kb3 {[%emt 0:00:00]} b4 {
[%emt 0:00:03]} 62. Rg2 {[%emt 0:00:00]} Kc6 {[%emt 0:02:12]} 63. Kxb4 {
[%emt 0:00:00]} a2 {[%emt 0:00:03]} 64. Rg6+ {[%emt 0:00:00]} Kb7 {[%emt 0:00:
53]} 65. Rg1 {[%emt 0:00:00]} Kc6 {[%emt 0:00:19]} 66. Rg6+ {[%emt 0:00:00]}
Kb7 {[%emt 0:00:15]} 1/2-1/2

[Event "EICC 2021"]
[Site "Reykjavik"]
[Date "2021.09.05"]
[Round "11.15"]
[White "Paichadze, Luka"]
[Black "Hovhannisyan, Robert"]
[Result "1-0"]
[WhiteElo "2564"]
[BlackElo "2626"]
[Annotator "ChessBase"]
[PlyCount "129"]
[EventDate "2021.08.26"]
[EventType "swiss"]
[EventCountry "ISL"]
[Tiebreak "Cut1 Buchholz"]
[SourceTitle "playchess.com"]
[Source "ChessBase"]
[SourceQuality "1"]
[TimeControl "40/5400+30:1800+30"]

1. e4 {[%emt 0:00:05]} e5 {[%emt 0:00:07]} 2. Nf3 {[%emt 0:00:15]} Nc6 {
[%emt 0:00:07]} 3. d4 {[%emt 0:00:05]} exd4 {[%emt 0:00:06]} 4. Nxd4 {[%emt 0:
00:04]} Bc5 {[%emt 0:00:35]} 5. Nb3 {[%emt 0:00:13]} Bb6 {[%emt 0:00:10]} 6.
Qe2 {[%emt 0:00:18]} a5 {[%emt 0:02:52]} 7. a4 {[%emt 0:00:21]} d6 {[%emt 0:02:
33]} 8. Be3 {[%emt 0:04:01]} Bxe3 {[%emt 0:02:19]} 9. Qxe3 {[%emt 0:00:05]} Nb4
{[%emt 0:03:58]} 10. Qd2 {[%emt 0:04:24]} Nf6 {[%emt 0:01:40]} 11. Nxa5 {
[%emt 0:07:33]} Nxc2+ {[%emt 0:00:50]} 12. Qxc2 {[%emt 0:00:05]} Rxa5 {[%emt 0:
00:05]} 13. Bb5+ {[%emt 0:04:29]} c6 {[%emt 0:01:54]} 14. b4 {[%emt 0:00:51]}
Ra8 {[%emt 0:00:46]} 15. Bd3 {[%emt 0:00:11]} O-O {[%emt 0:10:13]} 16. O-O {
[%emt 0:02:40]} Ng4 {[%emt 0:00:40]} 17. Nd2 {[%emt 0:02:38]} Qh4 {[%emt 0:03:
33]} 18. Nf3 {[%emt 0:03:23]} Qh5 {[%emt 0:00:37]} 19. a5 {[%emt 0:04:04]} Be6
{[%emt 0:03:26]} 20. a6 {[%emt 0:05:58]} bxa6 {[%emt 0:05:00]} 21. Qxc6 {
[%emt 0:03:35]} d5 {[%emt 0:13:39]} 22. Rxa6 {[%emt 0:14:01]} Rac8 {[%emt 0:03:
20]} 23. Qb5 {[%emt 0:01:04]} Rb8 {[%emt 0:08:45]} 24. Rb6 {[%emt 0:03:17]}
Rxb6 {[%emt 0:00:33]} 25. Qxb6 {[%emt 0:00:05]} dxe4 {[%emt 0:00:41]} 26. Bxe4
{[%emt 0:00:05]} g6 {[%emt 0:06:02]} 27. b5 {[%emt 0:05:04]} Ne5 {[%emt 0:05:
28]} 28. Rc1 {[%emt 0:12:18]} Nc4 {[%emt 0:07:32]} 29. Qa6 {[%emt 0:02:50]} Rb8
{[%emt 0:04:10]} 30. Bc6 {[%emt 0:01:29]} Qc5 {[%emt 0:01:12]} 31. h3 {[%emt 0:
01:11]} Rd8 {[%emt 0:01:09]} 32. Qa1 {[%emt 0:00:53]} h6 {[%emt 0:03:59]} 33.
Qf6 {[%emt 0:01:35]} Rd6 {[%emt 0:01:00]} 34. Ra1 {[%emt 0:01:28]} Nb6 {
[%emt 0:00:22]} 35. Qf4 {[%emt 0:03:29]} g5 {[%emt 0:01:40]} 36. Qe3 {[%emt 0:
00:20]} Qxe3 {[%emt 0:01:09]} 37. fxe3 {[%emt 0:00:03]} Nc4 {[%emt 0:01:42]}
38. Kf2 {[%emt 0:00:27]} Rd3 {[%emt 0:01:01]} 39. Nd4 {[%emt 0:08:42]} Rd2+ {
[%emt 0:00:39]} 40. Kf3 {[%emt 0:00:30]} Rb2 {[%emt 0:04:14]} 41. Ke4 {[%emt 0:
34:56]} Bc8 {[%emt 0:12:36]} 42. Kd5 {[%emt 0:00:00]} Nxe3+ {[%emt 0:01:20]}
43. Kc5 {[%emt 0:00:00]} Kg7 {[%emt 0:09:18]} 44. Ra8 {[%emt 0:00:00]} Be6 {
[%emt 0:00:18]} 45. b6 {[%emt 0:00:00]} Bd5 {[%emt 0:00:16]} 46. Bxd5 {[%emt 0:
00:00]} Nxd5 {[%emt 0:00:06]} 47. Kxd5 {[%emt 0:00:00]} Rxb6 {[%emt 0:00:05]}
48. Ke5 {[%emt 0:00:00]} h5 {[%emt 0:01:37]} 49. Nf5+ {[%emt 0:00:00]} Kh7 {
[%emt 0:00:07]} 50. Rf8 {[%emt 0:00:00]} Re6+ {[%emt 0:00:48]} 51. Kd5 {
[%emt 0:00:00]} Kg6 {[%emt 0:02:17]} 52. g4 {[%emt 0:00:00]} hxg4 {[%emt 0:01:
15]} 53. hxg4 {[%emt 0:00:00]} Ra6 {[%emt 0:00:43]} 54. Rh8 {[%emt 0:00:00]}
Ra5+ {[%emt 0:00:11]} 55. Kd6 {[%emt 0:00:00]} Ra6+ {[%emt 0:01:31]} 56. Kc7 {
[%emt 0:00:00]} f6 {[%emt 0:00:24]} 57. Rh6+ {[%emt 0:00:00]} Kf7 {[%emt 0:00:
02]} 58. Rh7+ {[%emt 0:00:00]} Kf8 {[%emt 0:03:10]} 59. Rd7 {[%emt 0:00:16]}
Ra4 {[%emt 0:00:00]} 60. Kd6 {[%emt 0:02:15]} Ke8 {[%emt 0:03:27]} 61. Rb7 {
[%emt 0:01:00]} Ra6+ {[%emt 0:01:05]} 62. Kd5 {[%emt 0:00:12]} Ra5+ {[%emt 0:
00:31]} 63. Ke6 {[%emt 0:00:20]} Ra6+ {[%emt 0:00:03]} 64. Nd6+ {[%emt 0:00:13]
} Kf8 {[%emt 0:00:04]} 65. Rd7 {[%emt 0:00:38]} 1-0

[Event "EICC 2021"]
[Site "Reykjavik"]
[Date "2021.09.05"]
[Round "11.16"]
[White "Fridman, Daniel"]
[Black "Steingrimsson, Hedinn"]
[Result "1-0"]
[WhiteElo "2621"]
[BlackElo "2519"]
[Annotator "ChessBase"]
[PlyCount "185"]
[EventDate "2021.08.26"]
[EventType "swiss"]
[EventCountry "ISL"]
[Tiebreak "Cut1 Buchholz"]
[SourceTitle "playchess.com"]
[Source "ChessBase"]
[SourceQuality "1"]
[TimeControl "40/5400+30:1800+30"]

1. c4 {[%emt 0:03:14]} c5 {[%emt 0:06:31]} 2. Nf3 {[%emt 0:00:10]} Nc6 {
[%emt 0:00:33]} 3. d4 {[%emt 0:01:22]} cxd4 {[%emt 0:00:37]} 4. Nxd4 {[%emt 0:
00:05]} Nf6 {[%emt 0:02:21]} 5. Nc3 {[%emt 0:00:13]} e6 {[%emt 0:00:07]} 6. g3
{[%emt 0:00:17]} Qb6 {[%emt 0:01:24]} 7. Ndb5 {[%emt 0:02:29]} Ne5 {[%emt 0:06:
45]} 8. Bf4 {[%emt 0:00:45]} Nfg4 {[%emt 0:02:37]} 9. e3 {[%emt 0:00:08]} a6 {
[%emt 0:03:01]} 10. h3 {[%emt 0:00:07]} axb5 {[%emt 0:00:25]} 11. hxg4 {
[%emt 0:00:06]} Nxc4 {[%emt 0:00:05]} 12. Qb3 {[%emt 0:02:02]} d5 {[%emt 0:12:
35]} 13. Bxc4 {[%emt 0:00:07]} dxc4 {[%emt 0:00:03]} 14. Qxb5+ {[%emt 0:00:08]}
Qxb5 {[%emt 0:13:57]} 15. Nxb5 {[%emt 0:00:07]} Ra5 {[%emt 0:00:01]} 16. Nd6+ {
[%emt 0:23:27]} Bxd6 {[%emt 0:07:20]} 17. Bxd6 {[%emt 0:00:08]} f6 {[%emt 0:00:
48]} 18. e4 {[%emt 0:03:19]} e5 {[%emt 0:02:11]} 19. f3 {[%emt 0:00:26]} Kf7 {
[%emt 0:01:37]} 20. Bb4 {[%emt 0:04:10]} Ra6 {[%emt 0:10:41]} 21. a3 {[%emt 0:
00:34]} h6 {[%emt 0:01:51]} 22. Rd1 {[%emt 0:01:20]} Be6 {[%emt 0:01:26]} 23.
Rh2 {[%emt 0:00:14]} Rc6 {[%emt 0:05:23]} 24. Bc3 {[%emt 0:00:26]} Rhc8 {
[%emt 0:05:38]} 25. Rhd2 {[%emt 0:01:19]} Ke8 {[%emt 0:03:38]} 26. Ke2 {
[%emt 0:04:36]} R6c7 {[%emt 0:00:04]} 27. Ba5 {[%emt 0:01:18]} Rd7 {[%emt 0:00:
37]} 28. Rd6 {[%emt 0:00:20]} Rxd6 {[%emt 0:00:32]} 29. Rxd6 {[%emt 0:00:03]}
Bd7 {[%emt 0:00:02]} 30. Ke3 {[%emt 0:03:21]} Rc6 {[%emt 0:02:17]} 31. Rd5 {
[%emt 0:01:29]} b6 {[%emt 0:00:01]} 32. Bb4 {[%emt 0:00:30]} Re6 {[%emt 0:00:
20]} 33. Rd2 {[%emt 0:01:32]} Bc6 {[%emt 0:00:51]} 34. Rc2 {[%emt 0:00:49]} b5
{[%emt 0:01:01]} 35. Kd2 {[%emt 0:01:01]} Kf7 {[%emt 0:03:26]} 36. Kc3 {
[%emt 0:02:43]} Re8 {[%emt 0:01:36]} 37. Rd2 {[%emt 0:00:49]} Re6 {[%emt 0:02:
33]} 38. Bc5 {[%emt 0:00:37]} Re8 {[%emt 0:00:24]} 39. Kb4 {[%emt 0:01:20]} Ra8
{[%emt 0:01:24]} 40. Rd6 {[%emt 0:00:28]} Ra4+ {[%emt 0:01:22]} 41. Kc3 {
[%emt 0:30:25]} Be8 {[%emt 0:30:01]} 42. Rd8 {[%emt 0:09:09]} Bc6 {[%emt 0:00:
00]} 43. Rf8+ {[%emt 0:00:00]} Ke6 {[%emt 0:00:00]} 44. Rc8 {[%emt 0:00:00]}
Bd7 {[%emt 0:00:00]} 45. Rg8 {[%emt 0:00:00]} Kf7 {[%emt 0:00:00]} 46. Rf8+ {
[%emt 0:00:00]} Ke6 {[%emt 0:00:00]} 47. f4 {[%emt 0:00:00]} exf4 {[%emt 0:00:
00]} 48. gxf4 {[%emt 0:00:00]} Bc6 {[%emt 0:00:00]} 49. Rd8 {[%emt 0:00:00]}
Bxe4 {[%emt 0:00:00]} 50. f5+ {[%emt 0:00:00]} Ke5 {[%emt 0:00:00]} 51. Bd6+ {
[%emt 0:00:00]} Kd5 {[%emt 0:00:00]} 52. Bf8+ {[%emt 0:00:00]} Ke5 {[%emt 0:00:
00]} 53. Bxg7 {[%emt 0:00:05]} Bf3 {[%emt 0:01:06]} 54. Rd4 {[%emt 0:01:29]} h5
{[%emt 0:00:02]} 55. g5 {[%emt 0:04:16]} Kxf5 {[%emt 0:01:14]} 56. gxf6 {
[%emt 0:02:51]} Ra7 {[%emt 0:00:17]} 57. Kb4 {[%emt 0:00:50]} Rb7 {[%emt 0:00:
09]} 58. Kc5 {[%emt 0:03:49]} Kg5 {[%emt 0:04:02]} 59. Bf8 {[%emt 0:08:00]} Rf7
{[%emt 0:04:10]} 60. Be7 {[%emt 0:00:07]} h4 {[%emt 0:00:14]} 61. Kxb5 {
[%emt 0:00:37]} h3 {[%emt 0:00:14]} 62. Rd2 {[%emt 0:00:10]} Bg2 {[%emt 0:00:
20]} 63. Kxc4 {[%emt 0:00:18]} Kg4 {[%emt 0:01:05]} 64. b4 {[%emt 0:03:40]} Kf5
{[%emt 0:00:17]} 65. Bd6 {[%emt 0:01:14]} Rxf6 {[%emt 0:00:21]} 66. Bh2 {
[%emt 0:05:28]} Rc6+ {[%emt 0:00:16]} 67. Kb5 {[%emt 0:00:54]} Rc1 {[%emt 0:00:
02]} 68. a4 {[%emt 0:00:29]} Rb1 {[%emt 0:01:58]} 69. Ka5 {[%emt 0:01:06]} Ke4
{[%emt 0:00:32]} 70. b5 {[%emt 0:00:34]} Ke3 {[%emt 0:00:29]} 71. Rd8 {[%emt 0:
01:24]} Rb2 {[%emt 0:00:30]} 72. Be5 {[%emt 0:01:19]} Ra2 {[%emt 0:00:05]} 73.
Rh8 {[%emt 0:02:46]} Ke4 {[%emt 0:00:01]} 74. Bc7 {[%emt 0:01:52]} Kf5 {
[%emt 0:00:14]} 75. Kb4 {[%emt 0:01:17]} Kg4 {[%emt 0:01:07]} 76. Rg8+ {
[%emt 0:01:21]} Kf3 {[%emt 0:00:38]} 77. Rg3+ {[%emt 0:00:49]} Kf2 {[%emt 0:00:
14]} 78. Rb3 {[%emt 0:00:27]} Ra1 {[%emt 0:00:37]} 79. a5 {[%emt 0:01:30]} Kg1
{[%emt 0:00:04]} 80. a6 {[%emt 0:00:33]} h2 {[%emt 0:00:03]} 81. Bxh2+ {
[%emt 0:00:13]} Kxh2 {[%emt 0:00:03]} 82. Rb2 {[%emt 0:01:03]} Kg3 {[%emt 0:00:
31]} 83. Kc5 {[%emt 0:00:48]} Be4 {[%emt 0:01:34]} 84. Kb6 {[%emt 0:00:34]} Ra4
{[%emt 0:00:33]} 85. Ka7 {[%emt 0:01:23]} Kf4 {[%emt 0:00:03]} 86. Rd2 {
[%emt 0:00:23]} Ke3 {[%emt 0:00:03]} 87. Rd6 {[%emt 0:00:30]} Bg2 {[%emt 0:00:
11]} 88. b6 {[%emt 0:00:29]} Kf4 {[%emt 0:02:19]} 89. b7 {[%emt 0:00:13]} Bxb7
{[%emt 0:00:21]} 90. Kxb7 {[%emt 0:00:05]} Ke5 {[%emt 0:00:07]} 91. Rb6 {
[%emt 0:00:31]} Kd5 {[%emt 0:00:28]} 92. a7 {[%emt 0:00:06]} Kc5 {[%emt 0:00:
03]} 93. Rb1 {[%emt 0:00:15]} 1-0

[Event "EICC 2021"]
[Site "Reykjavik"]
[Date "2021.09.05"]
[Round "11.18"]
[White "Grandelius, Nils"]
[Black "Maurizzi, Marc Andria"]
[Result "1-0"]
[WhiteElo "2666"]
[BlackElo "2488"]
[Annotator "TA"]
[PlyCount "103"]
[EventDate "2021.08.26"]
[EventType "swiss"]
[EventCountry "ISL"]
[Tiebreak "Cut1 Buchholz"]
[SourceTitle "playchess.com"]
[Source "ChessBase"]
[SourceQuality "1"]

{[%evp 12,103,11,18,22,20,17,18,25,23,14,14,10,14,27,18,83,68,83,61,51,12,19,0,
113,106,110,120,191,185,174,139,143,146,137,150,155,150,170,169,191,191,199,
198,203,201,196,169,212,192,227,203,209,0,209,191,197,210,224,219,229,183,175,
160,165,172,229,177,255,255,273,242,232,223,278,303,420,398,624,570,5022,5014,
6079,5207,29956,9666,29980,29981,29982,29976,29976,29977,29977,29978]} 1. e4 e5
2. Nf3 Nc6 3. Bb5 a6 4. Ba4 Nf6 5. d3 Bc5 6. c3 d6 7. O-O {7.Bg5 is more
advanced technology.} Ba7 {C78: Ruy Lopez: Archangelsk and Möller Defences.} 8.
Re1 O-O 9. h3 h6 {The position is equal.} 10. Nbd2 Ne7 11. d4 Ng6 12. Bc2 Re8
13. Nf1 {[#]} d5 $146 (13... exd4 $11 {keeps the balance.} 14. cxd4 c5) ({
Predecessor:} 13... c5 14. d5 c4 15. b4 cxb3 16. axb3 b5 17. b4 Bd7 18. Ng3 Bb6
19. Bd3 Qc7 {1-0 (57) Movsesian,S (2677)-Gonda,L (2490) Germany 2017}) 14. Nxe5
$16 Nxe5 15. dxe5 Nxe4 16. Bxe4 dxe4 17. Qh5 g6 (17... Qd5 $11 {remains equal.}
) 18. Qxh6 Rxe5 {[#]} 19. Ng3 $1 {[%cal Rg3e4]} Qe7 (19... Bc5 $16) 20. Bf4 $18
e3 21. fxe3 Bd7 22. Bxe5 Qxe5 23. Nf1 Bc6 24. Rad1 Re8 25. Qh4 Bc5 26. Rd8 Rxd8
27. Qxd8+ Kg7 28. Qd2 a5 29. b4 Bb6 30. a3 Bd5 31. Nh2 Qg3 32. Nf1 Qe5 33. Kh1
Be4 34. c4 {Strongly threatening c5.} axb4 35. axb4 {[#] Threatens to win with
c5.} c5 {intending ...cxb4.} 36. bxc5 Bxc5 37. Kg1 b6 38. Re2 Qg5 (38... Bf5
$142 39. Qd5 Qc3) 39. Rf2 Bc6 (39... Qe5 $142 40. Qd8 Bb1) 40. Qc3+ f6 41. Qd3
Qe5 42. Qd8 f5 {Now ...f4 and Black clings on.} 43. Ra2 {And now Ra7+ would
win.} b5 44. cxb5 Bd5 (44... Bxb5 $142 45. Ra8 Qe7 46. Qh8+ Kf7) 45. Rc2 Bxe3+
46. Nxe3 Qxe3+ {[%mdl 4096] Endgame KQR-KQB} 47. Kh2 Qe5+ 48. g3 Qe4 49. Rc7+ {
White mates.} Bf7 50. Qd2 Kg8 51. Rc8+ Kh7 52. Qb2 {[%csl Gb2][%cal Rc8h8]
Weighted Error Value: White=0.12/Black=0.55} 1-0